Gaming Quiz

Random Gaming or Animal Quiz

Minecraft Mob by Egg Quiz Stats

 Plays Quiz not verified by Sporcle

Score 0/43 Timer 05:00
1 Play Today
% Correct
Pig
57.3%
Creeper
55.5%
Blaze
54.9%
Slime
53.5%
Zombie Pigman
50.9%
Ghast
49.5%
Chicken
49%
Bat
48.4%
Ocelot
47.9%
Cave Spider
46.8%
Parrot
45.9%
Enderman
45.6%
Zombie
44.7%
Mooshroom
44%
Cow
43.4%
Squid
42.2%
Polar Bear
40.5%
Sheep
40.5%
Magma Cube
40.2%
Spider
39.7%
Zombie Villager
38.9%
Guardian
37.7%
% Correct
Villager
37.7%
Shulker
37.2%
Zombie Horse
35.7%
Witch
34.2%
Skeleton
32.6%
Wither Skeleton
31.1%
Wolf
31.1%
Rabbit
30.4%
Elder Guardian
30%
Evoker
29.7%
Endermite
29.4%
Llama
29.1%
Vex
28.6%
Horse
28.6%
Husk
28%
Donkey
27.5%
Stray
26.7%
Mule
26.3%
Vindicator
22.3%
Skeleton Horse
20.7%
Silverfish
18.5%

You're not logged in!

Compare scores with friends on all Sporcle quizzes.
OR
Log In

Show Comments

Extras

Top Quizzes Today


Score Distribution

Your Account Isn't Verified!

In order to create a playlist on Sporcle, you need to verify the email address you used during registration. Go to your Sporcle Settings to finish the process.

Report this User

Report this user for behavior that violates our Community Guidelines.

Details: